Danse avec les Stars - Partenaires de Grégoire Lyonnet - Statistiques

Statistiques générales
  • Ce quiz a été pris 27 fois
  • Le résultat moyen est 4 sur 6
Statistiques - réponses
Saisons Professions Célébrités.ées % Correct
Saison 4 Chanteuse Alizée
100%
Saison 5 Patineuse artistique Nathalie Péchalat
82%
Saison 3 Escrimeuse et ex-ministre Laura Flessel
73%
Saison 7 Actrice Camille Lou
68%
Saison 1 Actrice Marthe Mercadier
45%
Saison 2 Actrice Véronique Jannot
23%
Aucun quiz correspondant
Distribution des résultats
% des personnes avec chaque résultat
Percentile par nombre de réponses
Votre historique - résultats
Vous n’avez pas pris ce quiz